000 00828cam a2200205 a 4500
020 _a0792372131
082 0 0 _a690.538
_bCHR
_cN-01, P-89
245 0 0 _aParking structures :
_bplanning, design, construction, maintenance, and repair /
_cAnthony P. Chrest ... [et al.].
250 _a3rd ed.
260 _aBoston, Mass. :
_bKluwer Academic Publishers,
_c2001.
300 _axxxi, 856 p. :
_bill. ;
_c25 cm.
526 _a0
_b0
_c0
_d690_538000000000000_CHR
526 _a0
_b0
_c0
_d690_538000000000000_CHR
650 0 _aMCE
_9379
650 0 _aParking garages
_xDesign and construction
_xHandbooks, manuals, etc.
_945298
700 1 _aChrest, Anthony P.
_945299
856 4 1 _uhttp://www.loc.gov/catdir/enhancements/fy0821/00046285-t.html
856 4 2 _uhttp://www.loc.gov/catdir/enhancements/fy0821/00046285-d.html
942 _2ddc
_cBK
999 _c548857
_d548857